[Event "DEM U12/U12w 2006"]
[Site "Willingen GER"]
[Date "2006.06.10"]
[Round "11"]
[White "Düssler, Stefanie"]
[Black "Iwanziw, Niklas"]
[Result "0-1"]
[Termination "normal"]
[Board "26"]
[WhiteElo "1289"]
[BlackElo "1515"]
[PlyCount "90"]
[WhiteFideId "4634780"]
[BlackFideId "24647101"]
[EventCountry "GER"]
[EventRounds "11"]
[EventType "swiss"]
[EventDate "2006.06.03"]

1. e4 c5 2. Nf3 d6 3. d4 cxd4 4. Nxd4 Nf6 5. f3 a6 6. c4 e6 7. Nc3 Be7 8. Be3
Nbd7 9. Be2 Qc7 10. O-O b6 11. Qd2 Bb7 12. Rfc1 O-O 13. a4 Ne5 14. Nd1 Bd8 15.
b4 Ned7 16. Nc3 Ne5 17. Nd1 Nc6 18. Nxc6 Qxc6 19. b5 Qd7 20. Nb2 a5 21. Rd1 Bc7
22. Rac1 Qe7 23. Bf1 Nd7 24. Bf4 e5 25. Be3 Nc5 26. Bxc5 dxc5 27. Qd7 Qxd7 28.
Rxd7 Rac8 29. Rcd1 Rfd8 30. g3 Kf8 31. Bh3 Ke8 32. Kf2 g6 33. Ke3 Ba8 34. R1d2
Bb7 35. Nd1 Ba8 36. Nf2 Bb7 37. Ng4 Rxd7 38. Nf6+ Ke7 39. Nxd7 Rd8 40. f4 exf4+
41. gxf4 Bc8 42. Ne5 Rxd2 43. Bxc8 Rxh2 44. Nc6+ Ke8 45. Bg4 Rh4 0-1

[Event "DEM U12/U12w 2006"]
[Site "Willingen GER"]
[Date "2006.06.10"]
[Round "11"]
[White "Dauer, Maximilian"]
[Black "Thanabalasingam, Ajandhan"]
[Result "1/2-1/2"]
[Termination "normal"]
[Board "27"]
[WhiteElo "1260"]
[BlackElo "1488"]
[PlyCount "64"]
[BlackFideId "24601659"]
[EventCountry "GER"]
[EventRounds "11"]
[EventType "swiss"]
[EventDate "2006.06.03"]

1. e4 e6 2. d4 d5 3. exd5 exd5 4. Bd3 Nc6 5. c3 Bd6 6. Nf3 Nge7 7. O-O Bg4 8.
Nbd2 Qd7 9. b4 O-O-O 10. Qa4 a6 11. b5 Na7 12. Qb3 Ng6 13. bxa6 b6 14. Re1 Nf4
15. Bf1 Qf5 16. a4 Qg6 17. g3 h5 18. Nh4 Qf6 19. a5 b5 20. Ba3 g5 21. Bxd6 Rxd6
22. f3 gxh4 23. fxg4 hxg3 24. hxg3 hxg4 25. Qd1 Nh3+ 26. Bxh3 gxh3 27. Qg4+ Kb8
28. Rf1 Qh6 29. Qf4 Qh5 30. Qxf7 Qe2 31. Qf2 Qg4 32. Kh2 Rxa6 1/2-1/2

[Event "DEM U12/U12w 2006"]
[Site "Willingen GER"]
[Date "2006.06.10"]
[Round "11"]
[White "Sancar, Alina"]
[Black "Rafayevych, Vilen"]
[Result "1/2-1/2"]
[Termination "normal"]
[Board "28"]
[WhiteElo "1330"]
[BlackElo "1448"]
[PlyCount "76"]
[WhiteFideId "4624750"]
[BlackFideId "24673897"]
[EventCountry "GER"]
[EventRounds "11"]
[EventType "swiss"]
[EventDate "2006.06.03"]

1. e4 c5 2. c3 d5 3. exd5 Qxd5 4. d4 Nf6 5. Nf3 e6 6. Be2 Nc6 7. a3 cxd4 8.
cxd4 Qd8 9. Nc3 Be7 10. O-O O-O 11. Be3 Ng4 12. Qe1 h5 13. h3 Nf6 14. Rd1 b6
15. Ne5 Bb7 16. Bf3 Rc8 17. Qe2 h4 18. Rfe1 Na5 19. Bxb7 Nxb7 20. Qa6 Na5 21.
Ne2 Nd5 22. b4 Nc7 23. Qd3 Nb7 24. Nc6 Qd7 25. Rc1 a6 26. Bf4 Bd6 27. Bg5 Nd5
28. Ne5 Bxe5 29. dxe5 Rxc1 30. Rxc1 b5 31. Bxh4 Rc8 32. Qd1 Rxc1 33. Qxc1 Nb6
34. Bg3 Nc4 35. a4 Nd8 36. axb5 axb5 37. f4 Nc6 38. Be1 Qd3 1/2-1/2

[Event "DEM U12/U12w 2006"]
[Site "Willingen GER"]
[Date "2006.06.10"]
[Round "11"]
[White "Schubert, Torsten"]
[Black "Matschewsky, Justus"]
[Result "1-0"]
[Termination "normal"]
[Board "31"]
[WhiteElo "1347"]
[BlackElo "1449"]
[PlyCount "45"]
[BlackFideId "24678708"]
[EventCountry "GER"]
[EventRounds "11"]
[EventType "swiss"]
[EventDate "2006.06.03"]

1. e4 e5 2. Nc3 Nf6 3. Bc4 Nxe4 4. Bxf7+ Kxf7 5. Nxe4 Be7 6. Qh5+ g6 7. Qxe5 d6
8. Qf4+ Kg7 9. b3 Bf6 10. Nxf6 Qxf6 11. Qxf6+ Kxf6 12. Bb2+ Kf7 13. Bxh8 Nc6
14. c3 Bh3 15. Nxh3 Rxh8 16. O-O h6 17. Nf4 g5 18. Nd5 h5 19. Nxc7 h4 20. f3
Rg8 21. Rae1 Kg7 22. Ne8+ Kh8 23. Re6 1-0

[Event "DEM U12/U12w 2006"]
[Site "Willingen GER"]
[Date "2006.06.10"]
[Round "11"]
[White "Schareck, Martin"]
[Black "von Schwerin, Clemens"]
[Result "0-1"]
[Termination "normal"]
[Board "32"]
[WhiteElo "1294"]
[BlackElo "1423"]
[PlyCount "20"]
[BlackFideId "4613228"]
[EventCountry "GER"]
[EventRounds "11"]
[EventType "swiss"]
[EventDate "2006.06.03"]

1. d4 Nf6 2. c4 c5 3. dxc5 e6 4. Nc3 Bxc5 5. Nf3 Nc6 6. Bf4 Qb6 7. e3 Qxb2 8.
Nb5 Bb4+ 9. Nd2 Ne4 10. Nc7+ Kd8 0-1

[Event "DEM U12/U12w 2006"]
[Site "Willingen GER"]
[Date "2006.06.10"]
[Round "11"]
[White "Chernova, Margarita"]
[Black "Kügel, Tobias"]
[Result "1-0"]
[Termination "normal"]
[Board "33"]
[WhiteElo "1248"]
[BlackElo "1408"]
[PlyCount "55"]
[BlackFideId "4636295"]
[EventCountry "GER"]
[EventRounds "11"]
[EventType "swiss"]
[EventDate "2006.06.03"]

1. e4 e5 2. Nc3 Nc6 3. Bc4 Nf6 4. Nf3 Bc5 5. d3 h6 6. O-O d6 7. h3 Be6 8. Bd5
O-O 9. Re1 Qd7 10. Be3 Bb4 11. Bb3 Ba5 12. Re2 Nh7 13. d4 exd4 14. Bxd4 Nxd4
15. Nxd4 Bb6 16. Qd3 Bxd4 17. Qxd4 Ng5 18. Qe3 a6 19. Rd1 Bxb3 20. axb3 Qc6 21.
h4 Nh7 22. Rd3 Rae8 23. Nd5 f5 24. Rc3 Rxe4 25. Qxe4 fxe4 26. Ne7+ Kh8 27. Nxc6
bxc6 28. Rxc6 1-0

[Event "DEM U12/U12w 2006"]
[Site "Willingen GER"]
[Date "2006.06.10"]
[Round "11"]
[White "Maier, Florian"]
[Black "Rozenfeld, Elisabeth"]
[Result "1-0"]
[Termination "normal"]
[Board "34"]
[WhiteElo "1404"]
[BlackElo "1271"]
[PlyCount "147"]
[BlackFideId "4624742"]
[EventCountry "GER"]
[EventRounds "11"]
[EventType "swiss"]
[EventDate "2006.06.03"]

1. d4 d5 2. Nf3 Nc6 3. e3 e6 4. Bd3 Bd6 5. Nbd2 e5 6. dxe5 Nxe5 7. Nxe5 Bxe5 8.
O-O Qd6 9. Nf3 Bg4 10. h3 Bh5 11. Be2 Bxf3 12. Bxf3 Nf6 13. c4 O-O-O 14. Qb3 g5
15. cxd5 h5 16. Be2 g4 17. h4 Ne4 18. Bd3 Bh2+ 19. Kh1 Nc5 20. Bf5+ Kb8 21. Qc4
Qe7 22. g3 Bxg3 23. fxg3 Qd6 24. Kh2 Rhe8 25. e4 Qe7 26. Re1 Na6 27. Bf4 Qf6
28. Qc3 Qb6 29. Kg2 Nb4 30. a3 Na6 31. b4 Qb5 32. Rac1 Qb6 33. Qc4 f6 34. Be3
Qd6 35. Bf4 Qb6 36. Re2 Re7 37. Bg6 Rg8 38. Bf5 Rgg7 39. Be3 Qd6 40. Qd4 Qb6
41. Qxb6 cxb6 42. Rec2 Nc7 43. Bf4 a6 44. Bxc7+ Rxc7 45. Rxc7 Rxc7 46. Rxc7
Kxc7 47. Kf2 Kd6 48. Ke3 a5 49. Kd4 Ke7 50. Bg6 f5 51. Bxf5 Kf6 52. Bc8 Ke7 53.
Bxb7 Kd7 54. e5 axb4 55. axb4 b5 56. Bc6+ Ke7 57. Bxb5 Kd8 58. Bd3 Ke7 59. Bg6
Kd8 60. Bxh5 Ke7 61. Bxg4 Kd8 62. Be2 Ke7 63. h5 Kf7 64. b5 Kg7 65. g4 Kf7 66.
g5 Ke7 67. h6 Kd7 68. h7 Kc7 69. Kc5 Kd7 70. g6 Ke7 71. g7 Kf7 72. g8=Q+ Ke7
73. h8=Q Kd7 74. Qhg7# 1-0

[Event "DEM U12/U12w 2006"]
[Site "Willingen GER"]
[Date "2006.06.10"]
[Round "11"]
[White "Lang, Sascha"]
[Black "Weber, Max"]
[Result "1/2-1/2"]
[Termination "normal"]
[Board "35"]
[WhiteElo "1400"]
[BlackElo "1333"]
[PlyCount "44"]
[BlackFideId "4624831"]
[EventCountry "GER"]
[EventRounds "11"]
[EventType "swiss"]
[EventDate "2006.06.03"]

1. e4 e6 2. Nf3 d5 3. Nc3 Nf6 4. e5 Nfd7 5. d4 c5 6. dxc5 Bxc5 7. Bd3 f5 8. Bg5
Be7 9. Bxe7 Qxe7 10. O-O a6 11. Re1 O-O 12. Nd4 Nc6 13. Nxc6 bxc6 14. b3 Nb6
15. Nb1 Bd7 16. Nd2 a5 17. a4 Bc8 18. Nf3 Ba6 19. Nd4 Bxd3 20. Qxd3 Qd7 21. Nf3
c5 22. Nd2 Rfc8 1/2-1/2

[Event "DEM U12/U12w 2006"]
[Site "Willingen GER"]
[Date "2006.06.10"]
[Round "11"]
[White "Orhan, Eda"]
[Black "Pohl, Theresa"]
[Result "1-0"]
[Termination "normal"]
[Board "36"]
[WhiteElo "1391"]
[BlackElo "1225"]
[PlyCount "67"]
[WhiteFideId "24659258"]
[EventCountry "GER"]
[EventRounds "11"]
[EventType "swiss"]
[EventDate "2006.06.03"]

1. e4 e5 2. Nf3 Nc6 3. Bc4 Bc5 4. c3 Nf6 5. d3 O-O 6. O-O d6 7. h3 a6 8. Bb3
Ba7 9. Bc2 Be6 10. d4 exd4 11. Nxd4 Nxd4 12. cxd4 Bc4 13. Re1 Re8 14. Nc3 c6
15. Kh1 h6 16. b3 Be6 17. f4 Bd7 18. Bb2 Qc7 19. Rc1 Re7 20. e5 Rae8 21. Rf1
Nh7 22. Nd5 Qa5 23. Nxe7+ Rxe7 24. Bxh7+ Kxh7 25. Qc2+ Kg8 26. Rf3 Qd5 27. Rd1
g6 28. Qc1 Bf5 29. exd6 Re6 30. Qc4 Qxd6 31. Qc3 Qd5 32. Ba3 Re2 33. Qc4 Bxh3
34. Qxe2 1-0

[Event "DEM U12/U12w 2006"]
[Site "Willingen GER"]
[Date "2006.06.10"]
[Round "11"]
[White "Zimmerer, Leah"]
[Black "Rieping, Heiner"]
[Result "1/2-1/2"]
[Termination "normal"]
[Board "37"]
[WhiteElo "1291"]
[BlackElo "1591"]
[PlyCount "99"]
[WhiteFideId "4620240"]
[BlackFideId "24647012"]
[EventCountry "GER"]
[EventRounds "11"]
[EventType "swiss"]
[EventDate "2006.06.03"]

1. e4 d5 2. exd5 Qxd5 3. Nc3 Qa5 4. d4 Nf6 5. Bd2 Qb6 6. Nf3 Bg4 7. Be2 Bxf3 8.
Bxf3 Nc6 9. Bxc6+ bxc6 10. Qf3 O-O-O 11. O-O e6 12. Ne2 Kb7 13. b4 Be7 14. b5
Rd5 15. bxc6+ Qxc6 16. Rab1+ Kc8 17. Bb4 Bxb4 18. Rxb4 Rd6 19. Qb3 Nd7 20. Rb1
Re8 21. Nc1 Qe4 22. Qd3 Qh4 23. Ne2 Rd8 24. Qc3 Qe4 25. Ng3 Qd5 26. Rc4 c6 27.
a4 a6 28. Qb4 Re8 29. Qb7+ Kd8 30. Qb4 a5 31. Qc3 Ke7 32. f3 Kf8 33. Ne4 Rc8
34. Nxd6 Qxd6 35. Qd3 Kg8 36. Rc3 Nf6 37. Rc5 Ra8 38. Rb6 Nd7 39. Rbxc6 Nxc5
40. Rxc5 Rb8 41. Qc3 h6 42. Rc8+ Rxc8 43. Qxc8+ Kh7 44. Qc5 Qf4 45. Qc4 Qc1+
46. Kf2 Qd2+ 47. Kg3 Qg5+ 48. Kf2 Qd2+ 49. Kg1 Qd1+ 50. Kf2 1/2-1/2

[Event "DEM U12/U12w 2006"]
[Site "Willingen GER"]
[Date "2006.06.10"]
[Round "11"]
[White "Schmitt, Katrin"]
[Black "Vetter, Henrike"]
[Result "1-0"]
[Termination "normal"]
[Board "39"]
[WhiteElo "1380"]
[BlackElo "836"]
[PlyCount "99"]
[WhiteFideId "24654400"]
[EventCountry "GER"]
[EventRounds "11"]
[EventType "swiss"]
[EventDate "2006.06.03"]

1. e4 e6 2. d4 d5 3. exd5 exd5 4. Nf3 Nf6 5. h3 h6 6. c4 c6 7. Bd3 Be6 8. c5
Nbd7 9. Nc3 Be7 10. O-O O-O 11. Re1 b6 12. cxb6 axb6 13. Bf4 c5 14. dxc5 bxc5
15. Bc2 Nb6 16. Ne5 Bd6 17. Nc6 Qc7 18. Bxd6 Qxd6 19. Ne5 Rab8 20. Nb5 Qd8 21.
Nc6 Qd7 22. Nxb8 Qxb5 23. a4 Nxa4 24. Bxa4 Qxb8 25. Qb3 Qd6 26. Qg3 Qb6 27. b3
Rd8 28. Rad1 d4 29. Qf3 c4 30. bxc4 Bxc4 31. Qc6 Qb4 32. Rb1 Qd6 33. Qxc4 d3
34. Red1 Nh5 35. Bb3 Rd7 36. Ba4 Rd8 37. Rb7 Qg6 38. Bb3 Kh7 39. Qxf7 Qg5 40.
Qe7 Qxe7 41. Rxe7 Nf4 42. Re3 Kg6 43. Rf3 Kg5 44. Bc4 d2 45. Kf1 Rd4 46. Be2 g6
47. h4+ Kxh4 48. g3+ Kh3 49. Rxf4 Rd6 50. Rh4# 1-0

[Event "DEM U12/U12w 2006"]
[Site "Willingen GER"]
[Date "2006.06.10"]
[Round "11"]
[White "Böhme, Lasse"]
[Black "Kühnel, Lena"]
[Result "1-0"]
[Termination "normal"]
[Board "40"]
[WhiteElo "1378"]
[BlackElo "1243"]
[PlyCount "34"]
[WhiteFideId "1270626"]
[BlackFideId "24640956"]
[EventCountry "GER"]
[EventRounds "11"]
[EventType "swiss"]
[EventDate "2006.06.03"]

1. d4 d5 2. c4 dxc4 3. e4 e5 4. Nf3 Bg4 5. Bxc4 c6 6. Bxf7+ Kxf7 7. Nxe5+ Ke8
8. Nxg4 Ne7 9. O-O Nd7 10. Nc3 h6 11. Bf4 g5 12. Be5 Nxe5 13. Nxe5 Bg7 14. Qh5+
Ng6 15. Qxg6+ Ke7 16. Qxg7+ Ke6 17. Qf7+ Kd6 1-0

[Event "DEM U12/U12w 2006"]
[Site "Willingen GER"]
[Date "2006.06.10"]
[Round "11"]
[White "Luther, Alexander"]
[Black "Kormann, Jewgenija"]
[Result "0-1"]
[Termination "normal"]
[Board "41"]
[WhiteElo "1248"]
[BlackElo "1236"]
[PlyCount "128"]
[WhiteFideId "24682616"]
[BlackFideId "24606669"]
[EventCountry "GER"]
[EventRounds "11"]
[EventType "swiss"]
[EventDate "2006.06.03"]

1. e4 c6 2. d4 d5 3. e5 e6 4. c4 dxc4 5. Bxc4 a6 6. a4 c5 7. Be3 Nc6 8. Nf3
cxd4 9. Bxd4 Nxd4 10. Nxd4 Qa5+ 11. Nc3 Qxe5+ 12. Be2 Bb4 13. O-O Bxc3 14. bxc3
Nf6 15. f4 Qe3+ 16. Kh1 Ne4 17. Qd3 Qxd3 18. Bxd3 Nxc3 19. Rfc1 Nd5 20. g3 O-O
21. Be4 Rd8 22. Rc4 Rb8 23. Rac1 Bd7 24. Bxd5 exd5 25. Rb4 g6 26. a5 Bc6 27.
Nxc6 bxc6 28. Rxb8 Rxb8 29. Rxc6 Rb5 30. Rxa6 Kf8 31. Kg2 Ke7 32. h4 h5 33. Kf2
Rb3 34. Ra7+ Ke6 35. a6 Ra3 36. Ra8 Ke7 37. a7 d4 38. Ke2 Kf6 39. Kf2 Kf5 40.
Rd8 Rxa7 41. Rxd4 Kg4 42. Rd3 Ra2+ 43. Kf1 Kh3 44. Rf3 Rg2 45. g4+ Rg3 46. Kf2
Rxf3+ 47. Kxf3 hxg4+ 48. Kf2 Kh2 49. Kf1 g3 50. f5 g2+ 51. Kf2 g1=Q+ 52. Kf3
Qg3+ 53. Ke4 Qxh4+ 54. Ke5 gxf5 55. Kxf5 Qf2+ 56. Kg4 Qf1 57. Kh5 Qg2 58. Kh6
f5 59. Kh5 f4 60. Kh4 f3 61. Kh5 f2 62. Kh4 f1=R 63. Kh5 Rf8 64. Kh6 Rh8# 0-1

[Event "DEM U12/U12w 2006"]
[Site "Willingen GER"]
[Date "2006.06.10"]
[Round "11"]
[White "Weißenburg, Isabel"]
[Black "Günther, Elisabeth"]
[Result "1-0"]
[Termination "normal"]
[Board "43"]
[WhiteElo "1255"]
[BlackElo "969"]
[PlyCount "55"]
[WhiteFideId "4612922"]
[EventCountry "GER"]
[EventRounds "11"]
[EventType "swiss"]
[EventDate "2006.06.03"]

1. e4 e5 2. d4 exd4 3. Qxd4 Nc6 4. Qe3 d6 5. Bd2 Nf6 6. Nc3 Be7 7. O-O-O Be6 8.
f4 g6 9. h3 a6 10. g4 Na5 11. Nf3 Nc4 12. Bxc4 Bxc4 13. Qd4 b5 14. g5 c5 15.
Qe3 Nh5 16. Kb1 Qa5 17. b3 Be6 18. Nd5 Qd8 19. Bc3 O-O 20. Nh2 Bxd5 21. exd5
Re8 22. Qf2 Qd7 23. Ng4 Qf5 24. Nh6+ Kf8 25. Nxf5 gxf5 26. Qh4 Nxf4 27. Qh6+
Kg8 28. Qg7# 1-0

[Event "DEM U12/U12w 2006"]
[Site "Willingen GER"]
[Date "2006.06.10"]
[Round "11"]
[White "Bohrmann, Sandra"]
[Black "Kneip, Jakob"]
[Result "0-1"]
[Termination "normal"]
[Board "44"]
[WhiteElo "1110"]
[BlackElo "1204"]
[PlyCount "112"]
[WhiteFideId "12905437"]
[BlackFideId "12912859"]
[EventCountry "GER"]
[EventRounds "11"]
[EventType "swiss"]
[EventDate "2006.06.03"]

1. e4 c5 2. Nc3 Nc6 3. Bc4 Nf6 4. Nf3 g6 5. d3 Bg7 6. O-O O-O 7. Bf4 d6 8. h3
Bd7 9. Re1 Qc7 10. Ng5 Na5 11. Bd5 Bc6 12. Bxc6 Nxc6 13. Nf3 Qb6 14. Rb1 Rfe8
15. e5 Nh5 16. Nd5 Qd8 17. exd6 Nxf4 18. Nxf4 Qxd6 19. Ne2 Rad8 20. Nc3 Nb4 21.
a3 Nd5 22. Ne4 Qc6 23. c3 Nf6 24. Ng3 Bh6 25. d4 cxd4 26. cxd4 Qb6 27. Qa4 Bg7
28. Ng5 Rxd4 29. Qc2 Rd7 30. Qc4 e6 31. b4 Nd5 32. Rbd1 Rc7 33. Qh4 h6 34. Nf3
Kh7 35. Ng5+ Kg8 36. N5e4 Rec8 37. Qg4 f5 38. Qxg6 fxe4 39. Nxe4 e5 40. Qg3 Nf4
41. Nc5 Qg6 42. Qb3+ Qf7 43. Qf3 b6 44. Ne4 Rf8 45. Nd6 Qe6 46. Re4 Ng6 47. Qg3
Rd7 48. Qd3 Rfd8 49. Qc3 Rxd6 50. Rxd6 Rxd6 51. Re1 Bf6 52. Qc2 Bg5 53. Qc7 Qd7
54. Qb8+ Kg7 55. Kh2 Qe7 56. g3 Rd8 0-1

[Event "DEM U12/U12w 2006"]
[Site "Willingen GER"]
[Date "2006.06.10"]
[Round "11"]
[White "Dittmann, Jan"]
[Black "Krtschil, Anna"]
[Result "1/2-1/2"]
[Termination "normal"]
[Board "45"]
[WhiteElo "1201"]
[BlackElo "1077"]
[PlyCount "91"]
[BlackFideId "4611144"]
[EventCountry "GER"]
[EventRounds "11"]
[EventType "swiss"]
[EventDate "2006.06.03"]

1. c4 c5 2. g3 Nc6 3. Bg2 g6 4. Nc3 Bg7 5. Rb1 Nf6 6. a3 a5 7. Nf3 O-O 8. O-O
d5 9. cxd5 Nxd5 10. Ne1 Be6 11. Nc2 Qd7 12. Re1 Rab8 13. Ne3 Nxe3 14. dxe3 Rfd8
15. Qxd7 Rxd7 16. Ne4 b6 17. Nxc5 bxc5 18. Bxc6 Rdd8 19. Kg2 Bd5+ 20. Bxd5 Rxd5
21. b3 a4 22. b4 cxb4 23. axb4 Bc3 24. Rh1 Rxb4 25. Ba3 Rxb1 26. Rxb1 e6 27.
Rb8+ Kg7 28. Ra8 Ra5 29. Rxa5 Bxa5 30. Kf3 Be1 31. e4 Kf6 32. Ke3 Ke5 33. f4+
Kf6 34. Kd4 Bf2+ 35. Kc4 Bg1 36. h3 h6 37. g4 e5 38. f5 gxf5 39. exf5 Kg5 40.
Kd5 Kh4 41. Kxe5 Kxh3 42. Kf4 Kh4 43. Be7+ Kh3 44. e4 Bd4 45. Ba3 f6 46. Kf3
1/2-1/2

[Event "DEM U12/U12w 2006"]
[Site "Willingen GER"]
[Date "2006.06.10"]
[Round "11"]
[White "Rogasch, Miriam"]
[Black "Marx, Inga"]
[Result "1-0"]
[Termination "normal"]
[Board "46"]
[WhiteElo "1085"]
[BlackElo "1078"]
[PlyCount "67"]
[WhiteFideId "4616324"]
[BlackFideId "4654749"]
[EventCountry "GER"]
[EventRounds "11"]
[EventType "swiss"]
[EventDate "2006.06.03"]

1. e4 d5 2. exd5 Qxd5 3. Nc3 Qa5 4. d4 c6 5. Nf3 Nf6 6. Bd2 Qc7 7. Bd3 Bg4 8.
h3 Bh5 9. g4 Bg6 10. Ne5 Bxd3 11. Nxd3 e6 12. Qf3 Bd6 13. O-O-O O-O 14. h4 Nd5
15. h5 Nd7 16. g5 N7b6 17. h6 g6 18. Nxd5 Nxd5 19. c4 Be7 20. cxd5 cxd5+ 21.
Kb1 Rac8 22. Rc1 Qb6 23. Bb4 Rxc1+ 24. Rxc1 Bxg5 25. Bxf8 Bxc1 26. Bc5 Qc7 27.
Nxc1 f5 28. Qe3 Kf7 29. Bxa7 b6 30. Qe5 Qd8 31. Qg7+ Ke8 32. Qg8+ Kd7 33. Qxd8+
Kxd8 34. Bxb6+ 1-0

[Event "DEM U12/U12w 2006"]
[Site "Willingen GER"]
[Date "2006.06.10"]
[Round "11"]
[White "Marquardt, Annabelle"]
[Black "Holzmann, Arthur"]
[Result "1-0"]
[Termination "normal"]
[Board "47"]
[WhiteElo "872"]
[BlackElo "1099"]
[PlyCount "113"]
[WhiteFideId "12900125"]
[EventCountry "GER"]
[EventRounds "11"]
[EventType "swiss"]
[EventDate "2006.06.03"]

1. e4 d5 2. exd5 Qxd5 3. Nc3 Qa5 4. d4 c6 5. Bc4 Bf5 6. Nf3 e6 7. Ne5 Nf6 8.
Qe2 Bd6 9. Bd2 Qc7 10. O-O-O Nbd7 11. f4 Nb6 12. Bb3 O-O-O 13. g4 Bxe5 14. Qxe5
Qxe5 15. dxe5 Nxg4 16. Rhg1 Nxh2 17. Rxg7 Bg6 18. f5 exf5 19. Bxf7 Bxf7 20.
Rxf7 Rdf8 21. e6 Rxf7 22. exf7 Rf8 23. Rh1 Nf3 24. Rxh7 Nxd2 25. Kxd2 Nc4+ 26.
Kd3 Nxb2+ 27. Kd4 f4 28. Ke4 f3 29. Kxf3 Nc4 30. Ne4 Ne5+ 31. Ke3 Nxf7 32. Rxf7
Rxf7 33. Nd6+ Kc7 34. Nxf7 Kb6 35. Kd4 c5+ 36. Kc4 Kc6 37. Ne5+ Kd6 38. Nd3 b6
39. a4 Kc6 40. Nf4 a6 41. Ne2 b5+ 42. axb5+ axb5+ 43. Kb3 c4+ 44. Kb4 Kd5 45.
Kxb5 c3 46. Nxc3+ Kd4 47. Kb4 Ke5 48. Kc4 Kd6 49. Nb5+ Kc6 50. c3 Kb6 51. Nd4
Kc7 52. Kc5 Kb7 53. c4 Kc7 54. Nf5 Kd7 55. Kb6 Kc8 56. c5 Kb8 57. c6 1-0

[Event "DEM U12/U12w 2006"]
[Site "Willingen GER"]
[Date "2006.06.10"]
[Round "11"]
[White "Hümmecke, Miriam"]
[Black "Alt, Elisabeth"]
[Result "1/2-1/2"]
[Termination "normal"]
[Board "48"]
[WhiteElo "1295"]
[BlackElo "782"]
[PlyCount "22"]
[BlackFideId "24692620"]
[EventCountry "GER"]
[EventRounds "11"]
[EventType "swiss"]
[EventDate "2006.06.03"]

1. e4 e5 2. f4 Nc6 3. Nf3 d6 4. Bc4 Bg4 5. h3 Bxf3 6. Qxf3 Nd4 7. Qd1 Qh4+ 8.
Kf1 Qxf4+ 9. Kg1 Qxe4 10. d3 Ne2+ 11. Kf1 Ng3+ 1/2-1/2

[Event "DEM U12/U12w 2006"]
[Site "Willingen GER"]
[Date "2006.06.10"]
[Round "11"]
[White "Hüglin, Larissa"]
[Black "Stoevesand, Eric"]
[Result "1/2-1/2"]
[Termination "normal"]
[Board "49"]
[WhiteElo "793"]
[BlackElo "1244"]
[PlyCount "77"]
[WhiteFideId "12911933"]
[BlackFideId "24651117"]
[EventCountry "GER"]
[EventRounds "11"]
[EventType "swiss"]
[EventDate "2006.06.03"]

1. e4 e5 2. Nf3 Nc6 3. Bc4 Bc5 4. c3 Nf6 5. d4 exd4 6. cxd4 Bb4+ 7. Nc3 Nxe4 8.
O-O Bxc3 9. bxc3 d5 10. Bd3 O-O 11. Qe2 Re8 12. Bxe4 Rxe4 13. Qd3 Bf5 14. Ng5
Rf4 15. Qg3 Rg4 16. Qe3 h6 17. f3 Rxg5 18. f4 Rg6 19. Re1 Be4 20. g3 Qd7 21. c4
Re6 22. Bb2 Nb4 23. Qc3 a5 24. Re2 Bd3 25. Rd2 Bxc4 26. f5 Rf6 27. g4 Re8 28.
Bc1 Re2 29. Rxe2 Bxe2 30. Qg3 g5 31. Qe5 Qd6 32. Qe8+ Kg7 33. Qxe2 Qb6 34. Be3
Rc6 35. Re1 Rc2 36. Qf3 Qd6 37. Qh3 Rxa2 38. Rf1 f6 39. Qh5 1/2-1/2

[Event "DEM U12/U12w 2006"]
[Site "Willingen GER"]
[Date "2006.06.10"]
[Round "11"]
[White "Seel, Eric"]
[Black "Brühan, Caren"]
[Result "1/2-1/2"]
[Termination "normal"]
[Board "50"]
[WhiteElo "897"]
[BlackElo "1054"]
[PlyCount "54"]
[BlackFideId "24691976"]
[EventCountry "GER"]
[EventRounds "11"]
[EventType "swiss"]
[EventDate "2006.06.03"]

1. e4 e5 2. Nc3 Nc6 3. Bc4 Nf6 4. d3 Bb4 5. Bd2 d6 6. Nf3 O-O 7. O-O Be6 8. Bb3
h6 9. Qe2 Bxb3 10. axb3 d5 11. exd5 Nxd5 12. Nxd5 Bxd2 13. Qxd2 Qxd5 14. Rfe1
Nd4 15. Nxd4 Qxd4 16. Qc3 Qxc3 17. bxc3 Rfe8 18. d4 exd4 19. Rxe8+ Rxe8 20.
cxd4 Re2 21. c4 a6 22. d5 b5 23. cxb5 axb5 24. Rd1 b4 25. h3 Rc2 26. d6 cxd6
27. Rxd6 Rc3 1/2-1/2